UM Logo

Impact of accounting information system on the business firms in Digos City / (Record no. 13889)

MARC details
000 -LEADER
fixed length control field 00615nam a22001577a 4500
008 - FIXED-LENGTH DATA ELEMENTS--GENERAL INFORMATION
fixed length control field 190508b ||||| |||| 00| 0 eng d
082 ## - DEWEY DECIMAL CLASSIFICATION NUMBER
Edition number 2019
Classification number UT 1289
Item number A48
100 ## - MAIN ENTRY--PERSONAL NAME
Personal name Amarilla, Esther Marie T.
9 (RLIN) 38670
245 ## - TITLE STATEMENT
Title Impact of accounting information system on the business firms in Digos City /
Statement of responsibility, etc. Esther Marie T. Amarilla, Marjorie N. Regidor, and Shiem M. Perlas.
260 ## - PUBLICATION, DISTRIBUTION, ETC. (IMPRINT)
Place of publication, distribution, etc. Digos City:
Name of publisher, distributor, etc. UMDC
Date of publication, distribution, etc. January 2019.
300 ## - PHYSICAL DESCRIPTION
Extent 119 pages;
Dimensions 30 cm.
650 ## - SUBJECT ADDED ENTRY--TOPICAL TERM
Topical term or geographic name as entry element Accounting Technology
General subdivision Undergraduate thesis.
9 (RLIN) 38671
700 ## - ADDED ENTRY--PERSONAL NAME
Personal name Regidor, Marjorie N.
9 (RLIN) 38672
700 ## - ADDED ENTRY--PERSONAL NAME
Personal name Perlas, Shiem M.
9 (RLIN) 38673
942 ## - ADDED ENTRY ELEMENTS (KOHA)
Source of classification or shelving scheme Dewey Decimal Classification
Koha item type Undergraduate Thesis
Holdings
Withdrawn status Lost status Source of classification or shelving scheme Damaged status Not for loan Home library Current library Date acquired Total Checkouts Full call number Barcode Date last seen Copy number Price effective from Koha item type
    Dewey Decimal Classification     UM Digos College - LIC UM Digos College - LIC 04/23/2019   UT 1289 A48 2019 UT1289 05/08/2019 1 05/08/2019 Undergraduate Thesis